Nuevo atlas de histología normal de di Fiore (Registro nro. 22142)

Detalles MARC
000 -Cabecera
Campo de control interno 01195nam a22002777a 4500
005 - Fecha y hora del registro
control field 20260331151842.0
008 - Elementos de Longitud Fija
fixed length control field 260327b |||||||| |||| 00| 0 spa d
020 ## - ISBN
ISBN 9789500204118
041 ## - Idioma
Codigo Idioma ESP
082 ## - DEWEY y NOTACIÓN INTERNA
Dewey 611.018
Notación Interna P54
100 ## - AUTOR
Autor denominación Piezzi, Ramón S.
Término de relación autor
245 ## - TÍTULO DE MATERIAL BIBLIOGRÁFICO
Título Nuevo atlas de histología normal de di Fiore
250 ## - EDICIÓN
Edición Primera edición, primera reimpresión
260 ## - CIUDAD, EDITORIAL, AÑO
Ciudad Buenos Aires :
Nombre de la Editorial El Ateneo,
Año 2012
300 ## - DESCRIPCIÓN
N° Páginas xxii, 330 páginas :
Otros detalles ilustraciones, gráficos ;
Dimensiones 26 cm.
440 ## - MENCIÓN DE SERIE
Título de la Serie ;
650 ## - TEMAS
Temas Tecnología (Ciencias Aplicadas)
653 ## - DESCRIPTORES
Lenguajes no controlado Medicina; Histología
654 ## - PROGRAMAS
Programa Dpto. de Ciencias de la Salud
700 ## - OTROS AUTORES
Otros autores Fornés, Miguel W.,
Termino Relacionado autor
856 ## - URL - UBICACIÓN
URI/URL: Enlace exacto del recurso <a href="https://0u216utua-y-https-accessmedicina-mhmedical-com.itmsp.museknowledge.com/book.aspx?bookid=1506">https://0u216utua-y-https-accessmedicina-mhmedical-com.itmsp.museknowledge.com/book.aspx?bookid=1506</a>
Nota pública: Versión digital <a href="Véase además: Texto atlas de histología. Biología celular y tisular. Versión digital">Véase además: Texto atlas de histología. Biología celular y tisular. Versión digital</a>
856 ## - URL - UBICACIÓN
URI/URL: Enlace exacto del recurso <a href="https://0u216utua-y-https-accessmedicina-mhmedical-com.itmsp.museknowledge.com/">https://0u216utua-y-https-accessmedicina-mhmedical-com.itmsp.museknowledge.com/</a>
Nota pública: Versión digital <a href="Véase además: Base de datos McGraw Hill Access Medicina">Véase además: Base de datos McGraw Hill Access Medicina</a>
856 ## - URL - UBICACIÓN
URI/URL: Enlace exacto del recurso <a href="https://0u23futwm-y-https-www-clinicalkey-com.itmsp.museknowledge.com/student/login">https://0u23futwm-y-https-www-clinicalkey-com.itmsp.museknowledge.com/student/login</a>
Nota pública: Versión digital <a href="Véase además: Base de datos ClinicalKey">Véase además: Base de datos ClinicalKey</a>
942 ## - ELEMENTOS DE KOHA
Tipo de documento Libro
Nombre del creador Justo Noguera
Código de catalogador Margarita Torres
Suppress in OPAC No
Esquema de clasificación Dewey Decimal Classification
Existencias
Codigo completo Registro Colección Copia número Disponibilidad Tipo de préstamo Biblioteca Actual Procedencia (Biblioteca) Ubicacón Fecha Ingreso Tipo de Adquisición Observación Date last seen Total checkouts Price effective from Tipo de Item Estado del Material Fuente de Clasificación Damaged status Withdrawn status
611.018 P54 1088232 Universidad Católica San Pablo 1 Disponible Disponible Víctor Andrés Belaunde Víctor Andrés Belaunde Planta baja abierta 27/03/2026 Compra Medicina 27/03/2026   27/03/2026 Libro Bueno Dewey Decimal Classification